000 00719nam a22002297a 4500
999 _c1383
_d1383
001 1383
003 BD-JhCC
005 20221107134024.0
008 171018r20042010bg |||| |||| 000 0 be d
020 _a9789845021326
035 _a(BD-JhCC)1383
040 _aBD-JhCC
_dBD-JhCC
041 _aben
082 _a891.443
_bAHM 2010
100 _aআহমেদ, হুমায়ূন
245 _aজোছনা ও জননীর গল্প /
_cহুমায়ূন আহমেদ
260 _aঢাকা:
_bঅন্যপ্রকাশ,
_c২০১০.
300 _a৫২৮ পৃ. :
_c২২ সেমি.
650 _aBengali Novel
942 _2ddc
_cBK
_012